Loin du froid de décembre - Anastasia (Paroles) - Statistiques

Statistiques générales
  • Ce quiz a été pris 1 788 fois
  • Le résultat moyen est 75 sur 84
Statistiques - réponses
Paroles % Correct
de
100%
de
100%
de
100%
décembre
98%
décembre
98%
Je
97%
Je
97%
Je
97%
Je
97%
me
97%
me
97%
me
97%
me
97%
me
97%
Des
96%
Des
96%
Des
96%
du
96%
froid
96%
loin
96%
Loin
96%
un
96%
un
96%
un
96%
un
96%
Un
96%
un
96%
en
95%
il
95%
il
95%
La
94%
La
94%
la
94%
semble
94%
semble
94%
souvenir
94%
souviens
94%
souviens
94%
dans
92%
dans
92%
ensemble
92%
ensemble
92%
mes
92%
mes
92%
qu'on
92%
qu'on
92%
Une
92%
une
92%
Une
92%
jeux
91%
jeux
91%
Comme
90%
Comme
90%
reviennent
90%
souvenirs
90%
souvenirs
90%
images
89%
inventait
89%
inventait
89%
ritournelle
89%
ritournelle
89%
ancienne
88%
ancienne
88%
flamme
88%
flamme
88%
sourire
86%
sourire
86%
au
85%
retrouve
85%
retrouve
85%
tendre
85%
écho
77%
Autrefois
76%
Et
75%
murmure
75%
Que
72%
mon
70%
cœur
68%
sous
68%
cendre
67%
braise
66%
comprendre
66%
veut
65%
mi-mot
63%
Aucun quiz correspondant
Distribution des résultats
% des personnes avec chaque résultat
Percentile par nombre de réponses
Votre historique - résultats
Vous n’avez pas pris ce quiz